[Event "Barcelona CC Amateurs July"]
[Site "Barcelona"]
[Date "2021.07.09"]
[Round "5"]
[White "Fernandez Egea, Andres"]
[Black "Davi Ramon, Francisco"]
[Result "1-0"]
[WhiteElo "1853"]
[BlackElo "1644"]
[PlyCount "45"]
[EventDate "2021.07.06"]
[EventType "tourn"]
[EventRounds "9"]
[EventCountry "ESP"]
[SourceTitle "EXT 2022"]
[Source "ChessBase"]
[SourceDate "2021.10.06"]
[SourceVersion "1"]
[SourceVersionDate "2021.10.06"]
[SourceQuality "1"]

1. e4 e5 2. Nf3 Nc6 3. Bb5 a6 4. Ba4 Be7 5. c3 Nf6 6. Qe2 b5 7. Bc2 d6 8. 0-0 Bg4 9. a4 0-0 10. Rd1 b4 11. d4 Re8 12. a5 d5 13. Ba4 Bd7 14. exd5 Nxd5 15. dxe5 bxc3 16. Rxd5 Bd6 17. Nxc3 Nb4 18. Rd4 Nc6 19. Re4 Bb4 20. Bxc6 Bxc6 21. Rxb4 Bxf3 22. Qxf3 Qd6 23. Qxa8 1-0

[Event "Barcelona Primavera CE op"]
[Site "Barcelona"]
[Date "2021.05.01"]
[Round "2"]
[White "Cacho Lafuente, Marc"]
[Black "Davi Ramon, Francisco"]
[Result "0-1"]
[WhiteElo "1262"]
[BlackElo "1644"]
[PlyCount "95"]
[EventDate "2021.04.24"]
[EventType "swiss"]
[EventRounds "9"]
[EventCountry "ESP"]
[SourceTitle "EXT 2022"]
[Source "ChessBase"]
[SourceDate "2021.10.06"]
[SourceVersion "1"]
[SourceVersionDate "2021.10.06"]
[SourceQuality "1"]

1. e4 e5 2. Nf3 d6 3. Bc4 Be6 4. Bb3 Nf6 5. Nc3 Nc6 6. d3 Be7 7. h3 d5 8. 0-0 0-0 9. Bg5 d4 10. Ne2 Qd7 11. Bxe6 Qxe6 12. Ng3 h6 13. Bd2 Bd6 14. Nf5 Ne7 15. N3h4 Ng6 16. Nxg6 fxg6 17. Nh4 Qf7 18. a3 g5 19. Nf5 Kh7 20. Qf3 Nh5 21. Qg4 g6 22. Ng3 Rac8 23. Nxh5 gxh5 24. Qe2 c5 25. b3 b5 26. Rac1 c4 27. dxc4 bxc4 28. b4 c3 29. Be1 Qg6 30. f3 Bc7 31. Bg3 Bb6 32. Kh1 Qe6 33. Ra1 a5 34. bxa5 Bxa5 35. Qb5 Bc7 36. a4 Rb8 37. Qc5 Bd6 38. Qa5 Rfe8 39. Rab1 Rb2 40. Rfc1 Reb8 41. Qa7+ R8b7 42. Qa8 Rxb1 43. Rxb1 Rxb1+ 44. Kh2 h4 45. Bf2 Ra1 46. Qb7+ Qe7 47. Qc6 Qc7 48. Qc4 0-1

[Event "Montseny op 3rd"]
[Site "Montseny"]
[Date "2012.04.14"]
[Round "1"]
[White "Davi Ramon, Francisco"]
[Black "Lopez Forn, Marc"]
[Result "0-1"]
[WhiteElo "1688"]
[BlackElo "2053"]
[PlyCount "56"]
[EventDate "2012.04.14"]
[EventType "swiss"]
[EventRounds "8"]
[EventCountry "ESP"]
[SourceTitle "CBM 148 Extra"]
[Source "ChessBase"]
[SourceDate "2012.06.22"]
[SourceVersion "1"]
[SourceVersionDate "2012.06.22"]
[SourceQuality "1"]

1. d4 Nf6 2. Bf4 d6 3. Nf3 g6 4. e3 Nh5 5. Bg3 Nxg3 6. hxg3 Bg7 7. Nbd2 Nd7 8. c3 e5 9. Qc2 0-0 10. Bd3 exd4 11. cxd4 c5 12. Nb3 cxd4 13. Nbxd4 Ne5 14. Nxe5 dxe5 15. Nf3 Be6 16. Qd2 Qe7 17. Qa5 b6 18. Qb5 Rac8 19. 0-0 Bd7 20. Qd5 Bc6 21. Qb3 e4 22. Ba6 exf3 23. Bxc8 Rxc8 24. Rfc1 Qd7 25. Rd1 Qg4 26. Rac1 fxg2 27. Rxc6 Rxc6 28. Qd5 Rc5 0-1